| 000 | 00711nam a22001937a 4500 | ||
|---|---|---|---|
| 003 | 0 | ||
| 005 | 20220817095455.0 | ||
| 008 | 220817b xxu||||| |||| 00| 0 eng d | ||
| 020 | _a978-1-119-80429-1 | ||
| 050 |
_aBF636.67 _b.P67 2021 |
||
| 245 |
_aEthics in psychotherapy and counseling : a practical guide _cKenneth S. Pope; Melba J.T. Vsquez; Nayeli Y. Chavez-Duenas; Hector Y. Adames |
||
| 250 | _a6th ed. | ||
| 260 |
_aSingapore _bJohn Wiley & Sons Inc., _cC2021 |
||
| 300 |
_axix,472p. _c23cm. _eIncludes index. _fBook |
||
| 500 | _aCounseling psychologist--professional ethics. | ||
| 500 | _aPsychotherapy--moral and ethical aspects. | ||
| 500 | _aCounseling psychologist and client. | ||
| 942 |
_2lcc _cBK |
||
| 999 |
_c364793 _d364793 |
||